00942 a2200157 4500003000500000005001700005040000900022082001500031100002100046245007000067260006300137300001300200505053600213600001900749650001600768NUST20221213165417.0 cNust a303.34,SMI a Smith, Perry M. aTaking charge : ba practical guide for leaders /cPerry M. Smith aWashingtonbD.C. : National Defense University Pressc1986 a261,p .: aIntroduction (Page-xv), Leading (Page-1), Taking Over (Page-11), Hiring (Page-21), Coundelling Subordinates (Page-27), Firing (Page-35), Leading in Crises (Page-41), Dealing with the Down Side (Page-47), Decentralizing and Getting Feedback (Page-61), Looking at Yourself (Page-85), Dealing at Yourself (Page-85), Creating a Stragegic Vision (Page-109), Leading Internatinal Organizations (Page-117), Establishing Standards (Page-121), Organizing Priorities (Page-133), Taking Care of your People (Page-147), Wrapping Up (Page-165). aPerry M. Smith aleader ship